Szczegóły MARC21

Władysław II Jagiełło /

003 -Nazwa inst., której nr kontr. jest w polu 001 [,]
    • @
    • Nazwa instytucji, której n kontrolny jest w polu 001
    • NUKAT
005 -DATA I CZAS OSTATNIEJ MODYFIKACJI [,]
    • @
    • pole kontrolne
    • 20241231100113.0
020 -Międzynarod. znormalizowany nr książki - ISBN [ , ]
    • a
    • Numer ISBN
    • 8304033178 Find
040 -Instytucja sporządzająca opis [ , ]
    • a
    • Instytucja, która sporządziła opis (NP)
    • KR 297/JAK
    • c
    • Instytucja, która sporządziła rekord (NP)
    • KR 297/JAK
    • d
    • Instytucja, która zmodyfikowała rekord (P)
    • KR 297/JAK
942 -Rodzaj dokumentu [ , ]
    • c
    • Rodzaj dokumentu
    • Książka
100 -Hasło główne - nazwa osobowa [1, ]
    • a
    • Nazwa osobowa (NP)
    • Krzyżaniakowa, Jadwiga.
    • 9
    • KHW
    • 69050
245 -Strefa tytułu i oznaczenia odpowiedzialności [1,0]
    • a
    • Tytuł
    • Władysław II Jagiełło / Find
    • c
    • Pozostałe elementy strefy tytułu i oznaczenia odpowiedzialności (NP)
    • Jadwiga Krzyżaniakowa, Jerzy Ochmański.
260 -Strefa adresu wydawniczego [ , ]
    • a
    • Miejsce wydania (P)
    • Wrocław :
    • b
    • Nazwa wydawcy (P)
    • Zakład Narodowy im. Ossolińskich - Wydaw.,
    • c
    • Data wydania (P)
    • 1990.
300 -Strefa opisu fizycznego [ , ]
    • a
    • Określenie formy książki i/lub objętość (NP)
    • 362, [2] s., [32] s. tabl. ;
    • c
    • Format (NP)
    • 22 cm.
336 -Typ zawartości [ , ]
    • a
    • Termin opisujący typ zawartości
    • Tekst
    • b
    • Kod określający zawartość
    • txt
    • 2
    • Źródło (terminu i kodu)
    • rdacontent
337 -Typ mediów [ , ]
    • a
    • Tryb odtwarzania
    • Bez urządzenia pośredniczącego
    • b
    • Kod typu mediów
    • n
    • 2
    • Źródło (terminu i kodu)
    • rdamedia
338 -Typ/rodzaj nośnika [ , ]
    • a
    • Hasło opisujące typ nośnika
    • Wolumin
    • b
    • Kod typu nośnika
    • nc
    • 2
    • Źródło (terminu i kodu)
    • rdacarrier
504 -Uwaga dot. bibliogr. załącznikowej [ , ]
    • a
    • Uwaga dot. bibliografii załącznikowej
    • Wskazówki bibliogr. s. 347-348. Indeks nazwisk.
080 -Uniwersalna Klasyfikacja Dziesiętna [ , ]
    • 2
    • Identyfikator wydania tablic
    • UDC-P058
    • a
    • Symbol klasyfikacji
    • 929-052A/Z
    • b
    • Dopowiedzenie
    • Biografie indywidualne.
    • x
    • Poddział wspólny
    • "13/14"
    • b
    • Dopowiedzenie
    • Wiek XIV/XV.
080 -Uniwersalna Klasyfikacja Dziesiętna [ , ]
    • 2
    • Identyfikator wydania tablic
    • UDC-P058
    • a
    • Symbol klasyfikacji
    • 94(474.5)
    • b
    • Dopowiedzenie
    • Historia Litwy.
    • x
    • Poddział wspólny
    • "13/14"
    • b
    • Dopowiedzenie
    • Wiek XIV/XV.
080 -Uniwersalna Klasyfikacja Dziesiętna [ , ]
    • 2
    • Identyfikator wydania tablic
    • UDC-P058
    • a
    • Symbol klasyfikacji
    • 94(438).03
    • b
    • Dopowiedzenie
    • Historia Polski. Dynastia Jagiellonów (1386-1572).
    • x
    • Poddział wspólny
    • "13/14"
    • b
    • Dopowiedzenie
    • Wiek XIV/XV.
600 -Hasło przedmiotowe w formie nazwy osobowej [0,7]
    • a
    • Nazwa osobowa
    • Władysław
    • b
    • Numeracja zwiazana z nazwą
    • II Jagiełło
    • c
    • Dopowiedzenie
    • (król Polski ;
    • d
    • Daty związane z nazwą
    • około 1351-1434).
    • 2
    • Źródło terminu
    • kaba
    • 9
    • KHW
    • 258041
651 -Hasło przedmiotowe w formie nazwy geograficznej [ ,7]
    • a
    • Nazwa geograficzna
    • Polska
    • y
    • Określnik chronologiczny
    • 1386-1434 (Władysław II Jagiełło).
    • 2
    • Źródło terminu
    • kaba
    • 9
    • KHW
    • 124891
980 -Symbol UKD [ , ]
    • a
    • UKD
    • 929-052Władysław II Jagiełło:94(474.5):94(438).03]"13/14"
700 -Hasło dodatkowe - nazwa osobowa [1, ]
    • a
    • Nazwa osobowa (NP)
    • Ochmański, Jerzy Find
    • d
    • Daty biograficzne (NP)
    • (1933-1996).
    • 9
    • KHW
    • 10931
710 -Hasło dodatkowe - nazwa ciała zbiorowego [2, ]
    • a
    • Nazwa ciała zbiorowego lub nazwa geograficzna jako pierwszy element (NP)
    • Zakład Narodowy im. Ossolińskich.
    • b
    • Nazwa jednostki podrzędnej (P)
    • Wydawnictwo.
    • 4
    • Kod relacji
    • pbl
    • 9
    • KHW
    • 54188
920 -ISBN [ , ]
    • a
    • ISBN
    • 83-04-03317-8 Find
Sygnatura Numer inwentarzowy Status udost. Uwagi nie widoczne w OPAC Lokalizacja Data inwentaryzacji
W.171955W.171955-3przepisanyBG1994-06-14
W.171955W.171956-3przepisanyBG1996-03-06
W.171955W.171957-3przepisanyBG1994-06-14
W.171955W.1719582przepisanyBG1994-06-14
Z.79706Z.797061przepisanyBG1994-06-14
 H.22271przepisanyBNS1994-06-14
 H.15801-3 BNS2007-05-15